Triply Periodic Minimal Surfaces Manufactured by Electron Beam Powder Bed Fusion: Approaches and Challenges; Key Engineering Materials; Vol. 964
| Parent link: | Key Engineering Materials.— .— Zurich: Trans Tech Publications Inc. Vol. 964.— 2023.— P. 91-96 |
|---|---|
| Corporate Author: | |
| Other Authors: | , , , |
| Summary: | Title screen Sheet-based gyroids with different unit cell size, wall thickness, porosity gradients and manufacturing modalities were manufactured using electron beam- based powder bed fusion (E-PBF) using ‘melt’ and ‘wafer’ themes. Aim of the research is to understand the challenges of the designing, manufacturing and post-processing of such structures and their characteristic features. Текстовый файл AM_Agreement |
| Language: | English |
| Published: |
2023
|
| Subjects: | |
| Online Access: | https://doi.org/10.4028/p-gguN5j |
| Format: | Electronic Book Chapter |
| KOHA link: | https://koha.lib.tpu.ru/cgi-bin/koha/opac-detail.pl?biblionumber=673438 |
MARC
| LEADER | 00000naa0a2200000 4500 | ||
|---|---|---|---|
| 001 | 673438 | ||
| 005 | 20240627142952.0 | ||
| 090 | |a 673438 | ||
| 100 | |a 20240627d2023 k||y0engy50 ba | ||
| 101 | 0 | |a eng | |
| 102 | |a CH | ||
| 135 | |a drcn ---uucaa | ||
| 181 | 0 | |a i |b e | |
| 182 | 0 | |a b | |
| 183 | 0 | |a cr |2 RDAcarrier | |
| 200 | 1 | |a Triply Periodic Minimal Surfaces Manufactured by Electron Beam Powder Bed Fusion: Approaches and Challenges |f Andrey Koptyug, Dmitriy Khrapov, Maria Surmeneva, Roman Surmenev | |
| 203 | |a Текст |c электронный |b визуальный | ||
| 283 | |a online_resource |2 RDAcarrier | ||
| 300 | |a Title screen | ||
| 320 | |a References: 4 tit. | ||
| 330 | |a Sheet-based gyroids with different unit cell size, wall thickness, porosity gradients and manufacturing modalities were manufactured using electron beam- based powder bed fusion (E-PBF) using ‘melt’ and ‘wafer’ themes. Aim of the research is to understand the challenges of the designing, manufacturing and post-processing of such structures and their characteristic features. | ||
| 336 | |a Текстовый файл | ||
| 371 | 0 | |a AM_Agreement | |
| 461 | 1 | |t Key Engineering Materials |c Zurich |n Trans Tech Publications Inc. | |
| 463 | 1 | |t Vol. 964 |v P. 91-96 |d 2023 | |
| 610 | 1 | |a электронный ресурс | |
| 610 | 1 | |a труды учёных ТПУ | |
| 610 | 1 | |a Electron Beam | |
| 610 | 1 | |a Powder Bed Fusion | |
| 610 | 1 | |a Triply Periodic Minimal Surface | |
| 610 | 1 | |a Wafer Theme | |
| 701 | 1 | |a Koptyug |b A. V. |g Andrey Valentinovich |9 22318 | |
| 701 | 1 | |a Khrapov |b D. |c Specialist in the field of nuclear technologies |c Research Engineer of Tomsk Polytechnic University |f 1993- |g Dmitriy |9 21619 | |
| 701 | 1 | |a Surmeneva |b M. A. |c specialist in the field of material science |c engineer-researcher of Tomsk Polytechnic University, Associate Scientist |f 1984- |g Maria Alexandrovna |9 15966 | |
| 701 | 1 | |a Surmenev |b R. A. |c physicist |c Associate Professor of Tomsk Polytechnic University, Senior researcher, Candidate of physical and mathematical sciences |f 1982- |g Roman Anatolievich |9 15957 | |
| 712 | 0 | 2 | |a National Research Tomsk Polytechnic University |9 27197 |4 570 |
| 801 | 0 | |a RU |b 63413507 |c 20240627 |g RCR | |
| 856 | 4 | |u https://doi.org/10.4028/p-gguN5j |z https://doi.org/10.4028/p-gguN5j | |
| 942 | |c CR | ||